| 000 | 00465nam a2200157 i 4500 | ||
|---|---|---|---|
| 001 | 101618 | ||
| 003 | ES-MaACL | ||
| 005 | 20230906182938.0 | ||
| 007 | t| | ||
| 008 | 051021s1971 fr ||||1| spa d | ||
| 245 | 0 | 0 | _aMelanges de la Casa de Velázquez. |
| 260 |
_aParis : _bBoccard, _c1971 ( _eMadrid : _fGráf. Reunidas) |
||
| 300 |
_a430 p., 13 lám., 7 map. pleg., 4 gráf. pleg. ; _c25 cm. |
||
| 500 | _3Es el tomo 7 | ||
| 852 |
_aES-MaACL _jC-39054 _bR.79413 |
||
| 999 |
_c101618 _d101618 |
||